Japonsko '93: Všetko pre podnikateľov Besedujeme o podpore malého a stredného podnikania v jednej z najvyspelejších krajín sveta

Rozhovor s hospodárskymi pracovníkmi, ktorí sa vrátili zo stáže v Japonsku, zameranej na oboznámenie sa so systémom podpory malých a stredných podnikov (MSP). Priame a nepriame finančné zdroje podpory MSP v Japonsku. Vzťah MSP s veľkými firmami (Toyota, Sony a i.). Prejavy a následky konkurencie v s...

Description complète

Enregistré dans:
Détails bibliographiques
Auteur principal: Višváder, P.
Format: Chapitre de livre
Langue:slovaque
Sujets:
Tags: Ajouter un tag
Pas de tags, Soyez le premier à ajouter un tag!

MARC

LEADER 00000naa a2200000 4500
001 r000104
005 20221205075926.9
041 0 |a slo 
044 |a SK 
245 1 0 |a Japonsko '93: Všetko pre podnikateľov  |b Besedujeme o podpore malého a stredného podnikania v jednej z najvyspelejších krajín sveta  |c P. Višváder 
520 |a Rozhovor s hospodárskymi pracovníkmi, ktorí sa vrátili zo stáže v Japonsku, zameranej na oboznámenie sa so systémom podpory malých a stredných podnikov (MSP). Priame a nepriame finančné zdroje podpory MSP v Japonsku. Vzťah MSP s veľkými firmami (Toyota, Sony a i.). Prejavy a následky konkurencie v sieti MSP. 
610 2 0 |a podnik malý 
610 2 0 |a podnik stredný 
610 2 0 |a Japonsko 
610 2 0 |a podnikanie 
610 2 0 |a podpory 
610 2 0 |a zdroje finančné 
610 2 0 |a TOYOTA 
610 2 0 |a SONY 
610 2 0 |a konkurencia 
100 1 |a Višváder, P.